000 00442 a2200157 4500
020 _a9780824727536
082 _a333.793231
090 _c7214
_d7214
100 _aVogt, Lawrence J.
245 _aElectricity pricing : engineering principles and methodologies
_cLawrence J.Vogt
260 _aNew York
_bCRC Press
_c2009
300 _a676 p.
650 _aElectric utilities--Prices
700 _aLawrence J.Vogt
942 _cBK
_k333.793231 VOG
999 _c11017
_d11017